[Event "NW Regional Scholastic Championships"]
[Site "Chess.com"]
[Date "2020.05.16"]
[Round "?"]
[White "voldemort567"]
[Black "LakeShaya"]
[Result "0-1"]
[WhiteElo "1028"]
[BlackElo "1095"]
[PlyCount "84"]
[EventDate "2020.??.??"]

1. d4 d5 2. Bf4 Nc6 3. Nc3 Nf6 4. Nb5 e5 5. dxe5 a6 6. exf6 axb5 7. fxg7 Bxg7
8. e4 dxe4 9. Qxd8+ Nxd8 10. Bxb5+ Nc6 11. c3 Be6 12. Bxc7 Rxa2 13. Rxa2 Bxa2
14. Ne2 O-O 15. Bxc6 bxc6 16. O-O Bc4 17. Rd1 Bxe2 18. Re1 Bb5 19. Rxe4 Ra8 20.
h3 Bd3 21. Rd4 Bxd4 22. cxd4 Ra2 23. b4 Ra4 24. Bd6 Kg7 25. Bc5 Kf6 26. Kh2 Ra2
27. Kg3 Ke6 28. Kf3 Bc4 29. Ke3 Bd5 30. f3 Rxg2 31. Kf4 Rf2 32. h4 Rxf3+ 33.
Kg5 Rh3 34. Kh5 f5 35. Kg5 f4 36. Kxf4 Rxh4+ 37. Kg5 Rh1 38. Kg4 h5+ 39. Kg3
h4+ 40. Kf2 h3 41. Kg3 h2 42. Kf2 Rg1 0-1

[Event "NW Regional Scholastic Championships"]
[Site "Chess.com"]
[Date "2020.05.16"]
[Round "?"]
[White "hades1001"]
[Black "voldemort567"]
[Result "1-0"]
[WhiteElo "1143"]
[BlackElo "1028"]
[PlyCount "57"]
[EventDate "2020.??.??"]

1. e4 e5 2. Nf3 Bc5 3. Nxe5 Nc6 4. Nxc6 dxc6 5. Nc3 Nf6 6. Bc4 Ng4 7. O-O O-O
8. h3 Nxf2 9. Rxf2 Qf6 10. Qf3 Bxf2+ 11. Qxf2 Qxf2+ 12. Kxf2 b5 13. Bb3 c5 14.
Nxb5 a6 15. Nxc7 Ra7 16. Nd5 Be6 17. d3 Bxd5 18. Bxd5 Kh8 19. Be3 Rc7 20. c4 f5
21. exf5 Rxf5+ 22. Kg1 Re5 23. Bf4 Re2 24. Bxc7 Rxb2 25. Re1 h6 26. Be4 Kg8 27.
Rf1 Rxa2 28. Bd6 a5 29. Rf8# 1-0

[Event "NW Regional Scholastic Championships"]
[Site "Chess.com"]
[Date "2020.05.16"]
[Round "?"]
[White "sonakshi2009"]
[Black "rmzwang"]
[Result "1-0"]
[WhiteElo "1003"]
[BlackElo "1306"]
[PlyCount "33"]
[EventDate "2020.??.??"]

1. e4 e5 2. Nf3 Nc6 3. Bc4 Bc5 4. O-O d6 5. h3 Be6 6. d3 Nf6 7. Nc3 d5 8. exd5
Bxd5 9. Nxd5 Nxd5 10. d4 Nxd4 11. Nxd4 Bxd4 12. c3 Bb6 13. Re1 Ne7 14. Qe2 f6
15. Bg5 fxg5 16. Qxe5 Qd5 17. Qxe7# 1-0

[Event "NW Regional Scholastic Championships"]
[Site "Chess.com"]
[Date "2020.05.16"]
[Round "?"]
[White "Fhh1307"]
[Black "sonakshi2009"]
[Result "1-0"]
[WhiteElo "1388"]
[BlackElo "1003"]
[PlyCount "61"]
[EventDate "2020.??.??"]

1. e4 e5 2. Nf3 Nc6 3. Bc4 Nf6 4. Ng5 Qe7 5. Nxf7 Qxf7 6. Bxf7+ Kxf7 7. Nc3 d6
8. d3 Bg4 9. f3 Be6 10. O-O Nd4 11. Be3 Nc6 12. Ne2 d5 13. Ng3 d4 14. Bd2 Bd6
15. c3 dxc3 16. Bxc3 Bc5+ 17. Kh1 Rhd8 18. f4 Bd6 19. f5 Bd7 20. Qb3+ Kf8 21.
Rad1 Ng4 22. Bd2 Nd4 23. Qc4 b5 24. Qc1 c6 25. h3 Nf6 26. Bg5 h6 27. Bxf6 gxf6
28. Qxh6+ Ke7 29. Qg7+ Ke8 30. Nh5 Bf8 31. Nxf6# 1-0

[Event "NW Regional Scholastic Championships"]
[Site "Chess.com"]
[Date "2020.05.16"]
[Round "?"]
[White "sonakshi2009"]
[Black "PriestyPants"]
[Result "0-1"]
[WhiteElo "1003"]
[BlackElo "1165"]
[PlyCount "82"]
[EventDate "2020.??.??"]

1. e4 e5 2. Nf3 Nc6 3. Bc4 Nd4 4. O-O Nxf3+ 5. Qxf3 Nf6 6. Nc3 Be7 7. d3 O-O 8.
Qg3 Kh8 9. Bg5 Nh5 10. Qg4 g6 11. Nd5 Bxg5 12. d4 d6 13. Qf3 Be6 14. c3 c6 15.
Ne3 Bxe3 16. Qxe3 Bxc4 17. Rfd1 Nf4 18. Re1 Qg5 19. g3 Nh3+ 20. Kg2 Qxe3 21.
Rxe3 Ng5 22. b3 Be6 23. h4 Nxe4 24. Rxe4 Bd5 25. f3 Bxe4 26. fxe4 f5 27. d5
fxe4 28. dxc6 bxc6 29. Rd1 d5 30. c4 d4 31. Re1 e3 32. a4 Rf2+ 33. Kh3 Raf8 34.
b4 Rc2 35. c5 Rff2 36. Rh1 e2 37. a5 Rf1 38. Rh2 h5 39. b5 e1=Q 40. Rxc2 Rh1+
41. Rh2 Qf1# 0-1

[Event "NW Regional Scholastic Championships"]
[Site "Chess.com"]
[Date "2020.05.16"]
[Round "?"]
[White "TristanKuo"]
[Black "sonakshi2009"]
[Result "1-0"]
[WhiteElo "1084"]
[BlackElo "1003"]
[PlyCount "71"]
[EventDate "2020.??.??"]

1. d4 Nf6 2. c4 e6 3. Nc3 Bb4 4. Bd2 d5 5. e3 Nc6 6. Nf3 O-O 7. Bd3 Ng4 8. a3
Nxf2 9. Kxf2 Bd6 10. Qc2 g6 11. Rhf1 e5 12. cxd5 e4 13. Nxe4 Bg4 14. dxc6 Bxf3
15. gxf3 Qh4+ 16. Ng3 Qxh2+ 17. Ke1 Qxg3+ 18. Kd1 bxc6 19. Qxc6 Rab8 20. Bc3
Rb6 21. Qa4 Qg2 22. Qc2 Qg5 23. Qd2 Re8 24. e4 Bf4 25. Qc2 Rf6 26. Bd2 Qg2 27.
Bxf4 Qh3 28. Qh2 Qe6 29. Be5 Qb3+ 30. Bc2 Qxb2 31. Rb1 Qxa3 32. Bxf6 Qc3 33.
Qh6 Qxd4+ 34. Bxd4 f6 35. Bb3+ Kh8 36. Bxf6# 1-0

[Event "NW Regional Scholastic Championships"]
[Site "Chess.com"]
[Date "2020.05.16"]
[Round "?"]
[White "CalebSwitalla"]
[Black "sonakshi2009"]
[Result "1/2-1/2"]
[WhiteElo "1483"]
[BlackElo "1003"]
[PlyCount "101"]
[EventDate "2020.??.??"]

1. e4 e5 2. Nc3 Nc6 3. Bc4 Nf6 4. d3 h6 5. Nf3 Bc5 6. Be3 Bxe3 7. fxe3 O-O 8.
d4 exd4 9. exd4 d6 10. Qd2 Bg4 11. O-O-O Nb4 12. Rhg1 a6 13. h3 Bd7 14. a4 Bc6
15. d5 b5 16. axb5 axb5 17. Bxb5 Bxb5 18. b3 Ra1+ 19. Kb2 Ra6 20. Nxb5 Ra2+ 21.
Kb1 Qa8 22. Qc3 Nxe4 23. Qd4 Nxc2 24. Qxe4 Ra1+ 25. Kb2 Qa2+ 26. Kc3 Qa5+ 27.
Kxc2 Ra2+ 28. Kd3 Qxb5+ 29. Qc4 Qa5 30. Qc3 Qxd5+ 31. Qd4 Qxb3+ 32. Qc3 Qb5+
33. Qc4 Ra3+ 34. Kd4 Qb6+ 35. Ke4 Qe3+ 36. Kd5 Ra5+ 37. Kc6 Qb6+ 38. Kd7 Raa8
39. Qxc7 Rad8+ 40. Qxd8 Qxd8+ 41. Kc6 Qc8+ 42. Kxd6 Rd8+ 43. Ke5 Qe6+ 44. Kf4
Qf6+ 45. Kg3 Re8 46. Kh2 Qf4+ 47. Kh1 g5 48. Rd4 Qg3 49. Rg4 Qc7 50. Re1 Rd8
51. Rge4 1/2-1/2

[Event "NW Regional Scholastic Championships"]
[Site "Chess.com"]
[Date "2020.05.16"]
[Round "?"]
[White "LizzardQueen3"]
[Black "ebear28"]
[Result "1-0"]
[WhiteElo "1114"]
[BlackElo "1200"]
[PlyCount "63"]
[EventDate "2020.??.??"]

1. e4 e5 2. Nf3 Nc6 3. Bb5 d6 4. d4 Qe7 5. d5 a6 6. Bxc6+ bxc6 7. dxc6 g6 8.
Nc3 Qe6 9. Nd5 f5 10. Nxc7+ Kd8 11. Nxe6+ Bxe6 12. Ng5 Bc4 13. b3 Bb5 14. Nf7+
Ke7 15. Nxh8 Bxc6 16. Bg5+ Ke6 17. exf5+ Kxf5 18. Be3 Kf6 19. Qg4 Kg7 20. f4
Kxh8 21. fxe5 Nh6 22. Bxh6 Bxh6 23. exd6 Re8+ 24. Kf2 Be3+ 25. Kg3 Kg7 26. d7
Rd8 27. Rad1 Bb6 28. Rhe1 Bc7+ 29. Kh3 h5 30. Qd4+ Kh7 31. Re7+ Kg8 32. Qg7#
1-0

[Event "NW Regional Scholastic Championships"]
[Site "Chess.com"]
[Date "2020.05.16"]
[Round "?"]
[White "ebear28"]
[Black "ChecknMater"]
[Result "0-1"]
[WhiteElo "1200"]
[BlackElo "1000"]
[PlyCount "156"]
[EventDate "2020.??.??"]

1. e4 e5 2. Nf3 Nc6 3. d4 f6 4. d5 Nb4 5. c3 Na6 6. Be3 Bc5 7. b4 Bxe3 8. fxe3
d6 9. Qa4+ Bd7 10. Qb3 Qe7 11. Bxa6 bxa6 12. Qc4 Bb5 13. Qb3 Rb8 14. a4 Bd7 15.
Nbd2 a5 16. Nc4 axb4 17. cxb4 c5 18. Rc1 Rxb4 19. Qc3 Rxa4 20. Qb3 Qd8 21.
Nxd6+ Ke7 22. Nb7 Qb8 23. Rxc5 Ra1+ 24. Ke2 Rxh1 25. d6+ Ke8 26. Qc4 Qxb7 27.
Rc7 Qb2+ 28. Nd2 Bb5 29. Rc8+ Kd7 30. Rc7+ Kxd6 31. Rc6+ Ke7 32. Rc7+ Kf8 33.
Rc8+ Ke7 34. Rc7+ Kd8 35. Rc8+ Kd7 36. Rc7+ Kd6 37. Rc6+ Bxc6 38. Qa6 Qb5+ 39.
Qxb5 Bxb5+ 40. Kf3 Nh6 41. g3 Ra1 42. Nb3 Ra6 43. h4 Ba4 44. Nd2 Bd1+ 45. Kf2
Ra2 46. Ke1 Rxd2 47. Kxd2 Ba4 48. Ke2 f5 49. Kf3 fxe4+ 50. Kxe4 Rf8 51. Kd3 Kd5
52. e4+ Kd6 53. Kc4 Rf3 54. g4 Nxg4 55. h5 Rh3 56. Kb4 Be8 57. Kc4 Rxh5 58. Kd3
Nf2+ 59. Ke3 Nd1+ 60. Kd3 Bg6 61. Kd2 Nb2 62. Ke3 Bxe4 63. Kxe4 Rg5 64. Kf3 h5
65. Ke3 h4 66. Kf2 h3 67. Ke2 h2 68. Kd2 h1=Q 69. Kc2 Rg2+ 70. Kc3 Qc1+ 71. Kb3
Rg3+ 72. Kb4 Qc3+ 73. Kb5 a6+ 74. Kxa6 Qc4+ 75. Kb7 Qc6+ 76. Ka7 Qb5 77. Ka8
Kc7 78. Ka7 Qb7# 0-1

[Event "NW Regional Scholastic Championships"]
[Site "Chess.com"]
[Date "2020.05.16"]
[Round "?"]
[White "CalebSwitalla"]
[Black "ebear28"]
[Result "1-0"]
[WhiteElo "1483"]
[BlackElo "1200"]
[PlyCount "37"]
[EventDate "2020.??.??"]

1. e4 e5 2. Nc3 Qf6 3. Bc4 Bc5 4. Nf3 Nc6 5. d3 Nh6 6. Bg5 Qg6 7. Nd5 Bd6 8.
Qd2 f6 9. Bxh6 gxh6 10. Bb5 a6 11. Bxc6 bxc6 12. Nc3 Qxg2 13. O-O-O Qxf3 14.
Qxh6 Qxf2 15. Qh5+ Ke7 16. Rhg1 Qe3+ 17. Kb1 Rb8 18. Rg7+ Ke6 19. Qf7# 1-0

[Event "NW Regional Scholastic Championships"]
[Site "Chess.com"]
[Date "2020.05.16"]
[Round "?"]
[White "GrandMasterTroller"]
[Black "ebear28"]
[Result "0-1"]
[WhiteElo "690"]
[BlackElo "1200"]
[PlyCount "26"]
[EventDate "2020.??.??"]

1. e4 e5 2. Nf3 Nc6 3. Bc4 Bc5 4. d3 Nf6 5. Nc3 a6 6. Bg5 b5 7. Bd5 h6 8. Nxe5
hxg5 9. Nxc6 dxc6 10. Bxc6+ Kf8 11. Bxa8 Qd4 12. O-O Qe5 13. Qf3 Qxh2# 0-1

[Event "NW Regional Scholastic Championships"]
[Site "Chess.com"]
[Date "2020.05.16"]
[Round "?"]
[White "Michael0230"]
[Black "ChessKusumas"]
[Result "0-1"]
[WhiteElo "911"]
[BlackElo "1264"]
[PlyCount "58"]
[EventDate "2020.??.??"]

1. e4 g6 2. Nf3 Bg7 3. Nc3 d6 4. Bc4 e6 5. O-O Ne7 6. d3 O-O 7. Bg5 c6 8. Bxe7
Qxe7 9. Nd4 Qd8 10. Nb3 d5 11. exd5 exd5 12. Bxd5 cxd5 13. f3 Nc6 14. Nb5 a6
15. Nc3 a5 16. a4 d4 17. Ne4 Bf5 18. Nbc5 Bxe4 19. dxe4 b6 20. Nb7 Qc7 21. Nxa5
bxa5 22. b3 Nb4 23. c4 dxc3 24. Rc1 c2 25. Qd4 Qa7 26. Qxa7 Rxa7 27. f4 Rc7 28.
Ra1 Rfc8 29. Rac1 Nd3 0-1

[Event "NW Regional Scholastic Championships"]
[Site "Chess.com"]
[Date "2020.05.16"]
[Round "?"]
[White "artemisbeam"]
[Black "Michael0230"]
[Result "1-0"]
[WhiteElo "1262"]
[BlackElo "911"]
[PlyCount "31"]
[EventDate "2020.??.??"]

1. d4 d5 2. c4 dxc4 3. e3 Nc6 4. Bxc4 Nf6 5. Nc3 Bg4 6. Nf3 Bxf3 7. Qxf3 Qd6 8.
O-O e6 9. b3 Be7 10. Nb5 Qb4 11. Ba3 Qd2 12. Bxe7 Nxe7 13. Nxc7+ Kd8 14. Nxa8
Kc8 15. Qg3 Ne4 16. Qc7# 1-0

[Event "NW Regional Scholastic Championships"]
[Site "Chess.com"]
[Date "2020.05.16"]
[Round "?"]
[White "Michael0230"]
[Black "bigmable509"]
[Result "1/2-1/2"]
[WhiteElo "911"]
[BlackElo "1489"]
[PlyCount "86"]
[EventDate "2020.??.??"]

1. e4 c6 2. Nf3 d5 3. exd5 cxd5 4. Ne5 f6 5. Nf3 e5 6. Bb5+ Nc6 7. Bxc6+ bxc6
8. O-O Bc5 9. b3 Ne7 10. Bb2 O-O 11. d4 exd4 12. Bxd4 Bxd4 13. Nxd4 Nf5 14.
Nxf5 Bxf5 15. c4 dxc4 16. Qxd8 Raxd8 17. bxc4 Bxb1 18. Raxb1 Rb8 19. Rxb8 Rxb8
20. h3 Rb2 21. Ra1 Rc2 22. Rb1 Rxc4 23. Rb8+ Kf7 24. Rb7+ Kg6 25. Rxa7 c5 26.
a4 Rc1+ 27. Kh2 c4 28. a5 c3 29. Rc7 Ra1 30. Rxc3 Rxa5 31. Rg3+ Kf7 32. f4 Rf5
33. Rf3 g5 34. fxg5 Rxf3 35. gxf3 fxg5 36. Kg3 Kg6 37. h4 Kh5 38. hxg5 Kxg5 39.
f4+ Kf5 40. Kh4 Kg6 41. Kg4 h5+ 42. Kh4 Kf5 43. Kxh5 Kxf4 1/2-1/2

[Event "NW Regional Scholastic Championships"]
[Site "Chess.com"]
[Date "2020.05.16"]
[Round "?"]
[White "Red900"]
[Black "Michael0230"]
[Result "1-0"]
[WhiteElo "958"]
[BlackElo "911"]
[PlyCount "87"]
[EventDate "2020.??.??"]

1. d4 d5 2. c4 dxc4 3. e3 Nf6 4. Bxc4 Nc6 5. Nc3 e6 6. Nf3 Bb4 7. Bd2 Bxc3 8.
Bxc3 O-O 9. O-O b6 10. Bb5 Bb7 11. Qa4 Qd7 12. Bb4 Rfd8 13. Ne5 Qc8 14. Nxc6
Bxc6 15. Bxc6 Rb8 16. Be7 Rd6 17. Bxd6 cxd6 18. Rac1 a6 19. Bb5 axb5 20. Rxc8+
Rxc8 21. Qxb5 Nd5 22. Qd7 Rf8 23. Qxd6 Nf6 24. Qxb6 Nd7 25. Qc7 Nf6 26. Rc1 Ne8
27. Qc5 h6 28. b4 Nf6 29. f3 Nd7 30. Qd6 Rd8 31. Rc7 Rf8 32. Qxd7 Kh8 33. Rc8
Rg8 34. Rxg8+ Kxg8 35. b5 Kh7 36. b6 Kg6 37. g4 Kh7 38. h4 Kg6 39. b7 Kf6 40.
Qd8+ Kg6 41. b8=Q Kh7 42. Qh8+ Kg6 43. Qbf8 Kf6 44. Qhxg7# 1-0

[Event "NW Regional Scholastic Championships"]
[Site "Chess.com"]
[Date "2020.05.16"]
[Round "?"]
[White "Soumyateja"]
[Black "Michael0230"]
[Result "1-0"]
[WhiteElo "1165"]
[BlackElo "911"]
[PlyCount "97"]
[EventDate "2020.??.??"]

1. e4 e5 2. Nf3 Nc6 3. Nc3 Nf6 4. Bc4 Bb4 5. d4 exd4 6. Nxd4 Nxd4 7. Qxd4 Bxc3+
8. Qxc3 O-O 9. Bg5 h6 10. Bxf6 Qxf6 11. Qxf6 gxf6 12. O-O b6 13. a3 Bb7 14.
Rfe1 f5 15. exf5 c6 16. Re7 Rad8 17. Rd1 b5 18. Ba2 Bc8 19. h3 Rfe8 20. Rxe8+
Rxe8 21. Rd3 d5 22. Re3 Rxe3 23. fxe3 Bxf5 24. c3 a5 25. b4 axb4 26. cxb4 Be6
27. Bb3 d4 28. Bxe6 fxe6 29. exd4 Kg7 30. Kf2 Kf6 31. Ke3 Kf5 32. g4+ Kf6 33.
Ke4 Kg5 34. Ke5 h5 35. gxh5 Kxh5 36. Kxe6 Kh4 37. Kd6 Kxh3 38. Kxc6 Kg4 39. d5
Kf5 40. Kxb5 Ke5 41. Kc5 Kf6 42. d6 Ke6 43. Kc6 Kf7 44. d7 Ke7 45. Kc7 Ke6 46.
d8=Q Ke5 47. b5 Ke4 48. b6 Ke5 49. b7 1-0

[Event "NW Regional Scholastic Championships"]
[Site "Chess.com"]
[Date "2020.05.16"]
[Round "?"]
[White "RipperSkier"]
[Black "hongrenzhen"]
[Result "1-0"]
[WhiteElo "1061"]
[BlackElo "944"]
[PlyCount "77"]
[EventDate "2020.??.??"]

1. e4 Nc6 2. Nf3 e5 3. Bb5 d6 4. d4 Bd7 5. d5 Nd4 6. Bxd7+ Qxd7 7. Nxd4 exd4 8.
Qxd4 Nf6 9. O-O Be7 10. Nc3 O-O 11. Qe3 Rfe8 12. Qd3 c6 13. dxc6 bxc6 14. Re1
d5 15. e5 Ng4 16. h3 Nh6 17. Bxh6 gxh6 18. Qg3+ Bg5 19. h4 Qf5 20. hxg5 hxg5
21. Rac1 h6 22. Na4 Kh7 23. Qd3 Qxd3 24. cxd3 Rac8 25. Nc5 Re7 26. d4 Rb8 27.
b3 Kg6 28. Na6 Rb6 29. Nc5 Rb4 30. a3 Rxd4 31. Na6 Kf5 32. Rxc6 h5 33. Rf6+ Kg4
34. f3+ Kh4 35. Kf2 g4 36. g3+ Kg5 37. f4+ Rxf4+ 38. gxf4+ Kh4 39. Rh1# 1-0

[Event "NW Regional Scholastic Championships"]
[Site "Chess.com"]
[Date "2020.05.16"]
[Round "?"]
[White "hongrenzhen"]
[Black "hades1001"]
[Result "1-0"]
[WhiteElo "944"]
[BlackElo "1143"]
[PlyCount "49"]
[EventDate "2020.??.??"]

1. e3 e5 2. e4 Nf6 3. Nc3 Nc6 4. Nf3 Bc5 5. Bc4 d6 6. O-O Bg4 7. d3 h6 8. h3
Bh5 9. Be3 Bd4 10. Bxd4 Nxd4 11. Nd5 c6 12. Nxf6+ Qxf6 13. g4 Nxf3+ 14. Kg2
Nh4+ 15. Kg3 Qf4+ 16. Kxh4 g5+ 17. Kxh5 f5 18. gxf5 Qh4+ 19. Kg6 Rg8+ 20. Bxg8
O-O-O 21. Be6+ Kb8 22. Qh5 Qf4 23. Qxh6 d5 24. Qxg5 Qh2 25. Qxd8# 1-0

[Event "NW Regional Scholastic Championships"]
[Site "Chess.com"]
[Date "2020.05.16"]
[Round "?"]
[White "Thrinayks"]
[Black "hongrenzhen"]
[Result "0-1"]
[WhiteElo "1132"]
[BlackElo "944"]
[PlyCount "142"]
[EventDate "2020.??.??"]

1. d4 d5 2. c4 dxc4 3. e4 Nc6 4. d5 Ne5 5. Bf4 Qd6 6. Nc3 c6 7. Bxe5 Qxe5 8.
dxc6 bxc6 9. Bxc4 Nf6 10. f3 e6 11. Qd2 Bb4 12. a3 Ba5 13. Nge2 O-O 14. O-O
Qc5+ 15. Kh1 Qxc4 16. Rad1 Ba6 17. b4 Bb6 18. Rc1 Qd3 19. Qxd3 Bxd3 20. Rfd1
Bxe2 21. Nxe2 Rad8 22. Rxd8 Rxd8 23. h3 Rc8 24. Nc3 c5 25. Nb5 Rc6 26. bxc5
Rxc5 27. Rxc5 Bxc5 28. Kh2 Nh5 29. a4 a5 30. g4 Nf4 31. Kg3 Nd3 32. h4 Nb2 33.
Nc3 Bb4 34. Nb5 Nxa4 35. h5 Nc5 36. Kf4 a4 37. Ke5 a3 38. Nxa3 Bxa3 39. Kd4
Nxe4 40. Kxe4 Bb2 41. g5 g6 42. h6 Bc1 43. f4 f5+ 44. Ke5 Kf7 45. Kd4 Bxf4 46.
Kd3 Bxg5 47. Ke2 Bxh6 48. Kf3 e5 49. Kg2 f4 50. Kf2 g5 51. Kf3 Kf6 52. Ke4 Ke6
53. Kf3 Kf5 54. Ke2 e4 55. Kf2 g4 56. Ke2 f3+ 57. Kf2 Kf4 58. Kf1 e3 59. Kg1 e2
60. Kh2 e1=N 61. Kh1 f2 62. Kh2 f1=N+ 63. Kg1 g3 64. Kh1 g2+ 65. Kg1 Bf8 66.
Kf2 Bc5+ 67. Ke2 g1=Q 68. Kd1 Qd4+ 69. Kc1 Qd2+ 70. Kb1 Nd3 71. Ka1 Qb2# 0-1

[Event "NW Regional Scholastic Championships"]
[Site "Chess.com"]
[Date "2020.05.16"]
[Round "?"]
[White "hongrenzhen"]
[Black "piggy_98"]
[Result "0-1"]
[WhiteElo "944"]
[BlackElo "1696"]
[PlyCount "48"]
[EventDate "2020.??.??"]

1. e4 c5 2. Nc3 e6 3. Bc4 a6 4. Bb3 Qc7 5. Nf3 d6 6. O-O c4 7. Ba4+ b5 8. Bxb5+
axb5 9. Nxb5 Qb6 10. Nc3 Nd7 11. d3 cxd3 12. Qxd3 Ba6 13. Qe3 Bxf1 14. Qxb6
Nxb6 15. Kxf1 Nf6 16. Be3 Nc4 17. Bc1 Be7 18. b3 Nb6 19. Be3 Nbd7 20. Bg5 O-O
21. h4 h6 22. Be3 Ng4 23. g3 Nxe3+ 24. fxe3 Bf6 0-1

[Event "NW Regional Scholastic Championships"]
[Site "Chess.com"]
[Date "2020.05.16"]
[Round "?"]
[White "hongrenzhen"]
[Black "matthewhan"]
[Result "0-1"]
[WhiteElo "944"]
[BlackElo "877"]
[PlyCount "118"]
[EventDate "2020.??.??"]

1. e4 c5 2. Nc3 Nc6 3. Nf3 d6 4. h3 Nf6 5. Bb5 Bd7 6. Nd5 Nxd5 7. exd5 Nb4 8.
Bxd7+ Qxd7 9. c4 Nd3+ 10. Kf1 Nxc1 11. Qxc1 g6 12. Qc3 f6 13. b3 Bg7 14. Ng5
O-O 15. Ne6 Rf7 16. Nxg7 Kxg7 17. d4 cxd4 18. Qxd4 Qf5 19. g4 Qe5 20. Qxe5 fxe5
21. Ke2 Raf8 22. Raf1 Kf6 23. h4 h6 24. Ke3 g5 25. h5 Kg7 26. f3 Rf6 27. Ke4
Kf7 28. Ra1 Ke8 29. Rhf1 Kd7 30. b4 e6 31. a4 Rf4+ 32. Ke3 Rxc4 33. b5 exd5 34.
Kd3 Rff4 35. a5 e4+ 36. fxe4 Rxf1 37. Rxf1 Rc5 38. exd5 Rxd5+ 39. Kc4 Rc5+ 40.
Kb4 Ke6 41. a6 bxa6 42. bxa6 Re5 43. Rf2 Re4+ 44. Kb3 Rxg4 45. Kc3 Ra4 46. Re2+
Kd7 47. Rf2 Rxa6 48. Rf6 Rb6 49. Kc4 d5+ 50. Kxd5 Rxf6 51. Kc5 Rb6 52. Kd5 Kc7
53. Kc5 a5 54. Kd5 a4 55. Ke5 a3 56. Kf5 a2 57. Kg4 a1=Q 58. Kh3 Rb3+ 59. Kh2
Qa2+ 0-1

[Event "NW Regional Scholastic Championships"]
[Site "Chess.com"]
[Date "2020.05.16"]
[Round "?"]
[White "QueensCave"]
[Black "ProfSynergy"]
[Result "0-1"]
[WhiteElo "941"]
[BlackElo "1286"]
[PlyCount "140"]
[EventDate "2020.??.??"]

1. e4 e5 2. Nf3 Nc6 3. d4 exd4 4. Nxd4 d6 5. Nxc6 bxc6 6. Nc3 Nf6 7. Bg5 Be7 8.
Be2 h6 9. Bh4 Bd7 10. O-O O-O 11. Bxf6 Bxf6 12. Bf3 Qe7 13. Re1 Rab8 14. Rb1
Rfe8 15. Bg4 Bxg4 16. Qxg4 Bxc3 17. bxc3 Rxb1 18. Rxb1 Qxe4 19. Qxe4 Rxe4 20.
Rb8+ Kh7 21. g3 Re2 22. Rb7 Rxc2 23. Rxc7 Rxa2 24. Rxc6 Rd2 25. Rc7 a5 26. Rxf7
a4 27. Ra7 Rc2 28. Rxa4 Rxc3 29. Rd4 Rc6 30. Kg2 Kg6 31. Kf3 Kf5 32. g4+ Ke6
33. h4 d5 34. Rd2 Rd6 35. g5 hxg5 36. hxg5 Kf5 37. Kg3 Kxg5 38. f4+ Kf5 39. Rd4
g6 40. Kf3 Ke6 41. Kg4 Kf6 42. Rd3 d4 43. Kh4 Kf5 44. Kg3 Ke4 45. Rd1 d3 46.
Re1+ Kf5 47. Re5+ Kf6 48. Re1 d2 49. Rd1 Kf5 50. Kf3 Rd7 51. Ke3 Rd6 52. Kf3
Rd4 53. Ke3 Rxf4 54. Rxd2 Re4+ 55. Kd3 g5 56. Rf2+ Ke5 57. Rg2 g4 58. Rg3 Kf4
59. Rg1 Re3+ 60. Kd2 g3 61. Rg2 Kf3 62. Rg1 Re2+ 63. Kd1 g2 64. Kc1 Rf2 65.
Rxg2 Rxg2 66. Kd1 Ke3 67. Kc1 Kd3 68. Kb1 Kc3 69. Ka1 Kb3 70. Kb1 Rg1# 0-1

[Event "NW Regional Scholastic Championships"]
[Site "Chess.com"]
[Date "2020.05.16"]
[Round "?"]
[White "TristanKuo"]
[Black "QueensCave"]
[Result "1-0"]
[WhiteElo "1084"]
[BlackElo "941"]
[PlyCount "45"]
[EventDate "2020.??.??"]

1. d4 d5 2. c4 e6 3. Nf3 Be7 4. e3 Nf6 5. Nc3 O-O 6. b3 b6 7. Bb2 Bb7 8. Bd3
Nbd7 9. O-O c5 10. Qc2 cxd4 11. exd4 Bd6 12. Rfe1 Re8 13. Rad1 e5 14. dxe5 Nxe5
15. Nxe5 Rxe5 16. Rxe5 Bxe5 17. Ne4 dxe4 18. Bxe4 Qb8 19. Bxb7 Qxb7 20. Bxe5
Ng4 21. Qd3 Nxe5 22. Qd8+ Rxd8 23. Rxd8# 1-0

[Event "NW Regional Scholastic Championships"]
[Site "Chess.com"]
[Date "2020.05.16"]
[Round "?"]
[White "Soumyateja"]
[Black "QueensCave"]
[Result "1/2-1/2"]
[WhiteElo "1165"]
[BlackElo "941"]
[PlyCount "80"]
[EventDate "2020.??.??"]

1. e4 e5 2. Nf3 Nc6 3. Bc4 Be7 4. Nc3 Nf6 5. a3 b6 6. d4 exd4 7. Nxd4 Bb7 8.
Nxc6 Bxc6 9. e5 Ne4 10. Nxe4 Bxe4 11. O-O Qb8 12. Re1 Bc6 13. Bd5 Qb7 14. Bxc6
Qxc6 15. Qd4 O-O 16. b3 Bc5 17. Qc3 d6 18. exd6 Qxd6 19. Be3 Bxe3 20. Rxe3 Rfe8
21. Rg3 g6 22. Rd3 Qe6 23. h3 Re7 24. Rad1 Ree8 25. Re1 Qf5 26. Rxe8+ Rxe8 27.
Qd2 Qe5 28. Rd8 Rxd8 29. Qxd8+ Kg7 30. Qb8 Qa1+ 31. Kh2 Qxa3 32. Qxc7 Qc5 33.
Qxa7 Qxf2 34. Qa1+ Kg8 35. Qa8+ Kg7 36. Qe8 Qf4+ 37. Kh1 Qf1+ 38. Kh2 Qf4+ 39.
Kh1 Qf1+ 40. Kh2 Qf4+ 1/2-1/2

[Event "NW Regional Scholastic Championships"]
[Site "Chess.com"]
[Date "2020.05.16"]
[Round "?"]
[White "QueensCave"]
[Black "Himanky"]
[Result "0-1"]
[WhiteElo "941"]
[BlackElo "1155"]
[PlyCount "130"]
[EventDate "2020.??.??"]

1. e4 c5 2. Nf3 e6 3. d4 cxd4 4. Nxd4 Nc6 5. Nxc6 bxc6 6. Nc3 Bb7 7. Be2 Ne7 8.
O-O Ng6 9. Bh5 Qf6 10. Re1 Be7 11. e5 Nxe5 12. Qd4 Nf3+ 13. Bxf3 Qxd4 14. Be3
Qf6 15. Rad1 O-O 16. Bd4 Qg6 17. Be4 Qg5 18. Be3 Qa5 19. a3 Bf6 20. b4 Qd8 21.
Na4 d5 22. Bf3 g6 23. Nc5 Bc8 24. Nb3 Bg7 25. Bc5 Re8 26. Na5 Bf8 27. Bxf8 Rxf8
28. Nxc6 Qc7 29. Na5 Qxc2 30. Rc1 Qb2 31. Rb1 Qxa3 32. Re3 Qa2 33. Rbe1 Qd2 34.
Rb1 Ba6 35. Nc6 Qc2 36. Ne7+ Kg7 37. Ra1 Bc4 38. Nc6 Qb2 39. Rae1 Bb5 40. Ne5
Qxb4 41. h3 Rac8 42. Nd3 Bxd3 43. Rxd3 Rc3 44. Rdd1 Qb3 45. Rb1 Qc4 46. Be2 Qa2
47. Ra1 Qb2 48. Rab1 Qa3 49. Ra1 Qc5 50. Bf3 Qd4 51. Rad1 Qf6 52. Ra1 Qg5 53.
Rxa7 Rxf3 54. Raa1 Rxh3 55. Rf1 Rh5 56. f3 Qe3+ 57. Rf2 Qd4 58. Kf1 Qxa1+ 59.
Ke2 Re5+ 60. Kd3 Qa3+ 61. Kd4 Re3 62. Rc2 Qd3+ 63. Kc5 Qxc2+ 64. Kd6 Rd8+ 65.
Ke7 Qc7# 0-1

[Event "NW Regional Scholastic Championships"]
[Site "Chess.com"]
[Date "2020.05.16"]
[Round "?"]
[White "bigmable509"]
[Black "QueensCave"]
[Result "1-0"]
[WhiteElo "1489"]
[BlackElo "941"]
[PlyCount "91"]
[EventDate "2020.??.??"]

1. c4 e5 2. g3 Nf6 3. Bg2 d6 4. Nc3 Nc6 5. e3 Be6 6. b3 d5 7. cxd5 Bxd5 8. Nxd5
Nxd5 9. Ne2 Bd6 10. Bxd5 Be7 11. Nc3 O-O 12. O-O Rb8 13. Bb2 Nb4 14. Be4 Nd3
15. Bxd3 Qxd3 16. Rc1 Bf6 17. Qc2 Qxc2 18. Rxc2 Rbe8 19. Nd5 Rc8 20. Rxc7 Rb8
21. Nxf6+ gxf6 22. Rc4 Rfc8 23. Rxc8+ Rxc8 24. Rc1 Rd8 25. d4 exd4 26. Bxd4 Kg7
27. Rd1 Rb8 28. Bxa7 Ra8 29. Bc5 Rxa2 30. Rd7 Rb2 31. Rxb7 Rb1+ 32. Kg2 Rc1 33.
Rc7 Rc3 34. Bf8+ Kxf8 35. Rxc3 Kg7 36. b4 Kg6 37. Rd3 Kf5 38. Rd4 Ke5 39. b5
Ke6 40. b6 Kf5 41. b7 Kg6 42. Rd5 Kg7 43. b8=Q Kg6 44. Qg8+ Kh6 45. Rd4 Kh5 46.
Rh4# 1-0

[Event "NW Regional Scholastic Championships"]
[Site "Chess.com"]
[Date "2020.05.16"]
[Round "?"]
[White "Thrinayks"]
[Black "PortlandE"]
[Result "1-0"]
[WhiteElo "1132"]
[BlackElo "1200"]
[PlyCount "115"]
[EventDate "2020.??.??"]

1. d4 Nc6 2. e4 e5 3. d5 Nd4 4. c3 Nb5 5. Bxb5 c6 6. dxc6 bxc6 7. Bc4 Nh6 8.
Nf3 Bd6 9. Bxh6 gxh6 10. Nbd2 O-O 11. Qc2 Qf6 12. O-O-O Qg7 13. Rdg1 Bc5 14.
Nb3 Bb6 15. h3 h5 16. g4 h4 17. Kb1 Qh6 18. Nxe5 Qg7 19. Nd3 d6 20. Rf1 Bb7 21.
Ne1 d5 22. exd5 cxd5 23. Bd3 Rac8 24. Qd2 a5 25. f4 d4 26. Nxd4 Bxd4 27. Bf5
Bxc3 28. bxc3 Bxh1 29. Bxc8 Be4+ 30. Nc2 Rxc8 31. Re1 Rxc3 32. Qd8+ Qf8 33.
Qxf8+ Kxf8 34. Rxe4 Rxh3 35. Ra4 Rh1+ 36. Kb2 h3 37. Rxa5 Rf1 38. Rh5 Rf3 39.
Rxh7 Kg8 40. Rh5 Kg7 41. Kc1 Kg6 42. Ne1 Rc3+ 43. Kb2 Re3 44. f5+ Kf6 45. Nc2
Ke5 46. Nxe3 Kf4 47. Rxh3 f6 48. a4 Ke4 49. a5 Kf4 50. a6 Ke4 51. a7 Kf4 52.
a8=Q Ke5 53. Qd5+ Kf4 54. Rf3+ Kg5 55. Qg8+ Kh4 56. Qh7+ Kg5 57. Qg6+ Kh4 58.
Qh5# 1-0